|
|
|
|
| LEADER |
00000nam0a2200000 4500 |
| 001 |
323996 |
| 005 |
20231102003626.0 |
| 010 |
|
|
|a 9785991695367
|
| 035 |
|
|
|a (RuTPU)RU\TPU\book\349585
|
| 090 |
|
|
|a 323996
|
| 100 |
|
|
|a 20161102d2019 m y0rusy50 ca
|
| 101 |
0 |
|
|a rus
|
| 102 |
|
|
|a RU
|
| 105 |
|
|
|a a j 001zy
|
| 200 |
1 |
|
|a Метрология и измерительная техника. Микропроцессорные анализаторы жидкости
|e учебное пособие для вузов
|f К. П. Латышенко, Б. С. Первухин
|
| 205 |
|
|
|a 2-е изд., испр. и доп.
|
| 210 |
|
|
|a Москва
|c Юрайт
|d 2019
|
| 215 |
|
|
|a 203 с.
|c ил.
|
| 225 |
1 |
|
|a Университеты России
|
| 320 |
|
|
|a Рекомендуемая литература: с. 194-196
|
| 320 |
|
|
|a Предметный указатель: с. 198-201
|
| 330 |
|
|
|a Серия "Университеты России" позволит высшим учебным заведениям нашей страны использовать в образовательном процессе учебники и учебные пособия по различным дисциплинам, подготовленные преподавателями лучших университетов России и впервые опубликованные в издательствах университетов. Все представленные в этой серии учебники прошли экспертную оценку учебно-методического отдела издательства и публикуются в оригинальной редакции. В настоящем учебном пособии рассматриваются аналитические методы контроля жидкости, и особенно подробно — кондуктометрия, использование микропроцессоров в измерительной технике, а также микропроцессорные лабораторные и промышленные кондуктометры, вискозиметры, плотномеры, концентратомер, сигнализатор уровня. На данный момент ряд нормативных данных (ГОСТы), приводимых в учебном пособии, устарел. Однако это существенно не влияет на процесс обучения, и произошедшие изменения при необходимости могут быть учтены преподавателями.
|
| 606 |
1 |
|
|a Аналитические приборы и оборудование
|2 stltpush
|3 (RuTPU)RU\TPU\subj\73606
|9 86516
|
| 606 |
1 |
|
|a Кондуктометрия
|2 stltpush
|3 (RuTPU)RU\TPU\subj\15360
|9 41609
|
| 610 |
1 |
|
|a учебные пособия
|
| 610 |
1 |
|
|a микропроцессорные анализаторы
|
| 610 |
1 |
|
|a жидкости
|
| 610 |
1 |
|
|a аналитические методы
|
| 610 |
1 |
|
|a химический контроль
|
| 610 |
1 |
|
|a измерительные приборы
|
| 610 |
1 |
|
|a метрология
|
| 610 |
1 |
|
|a кондуктометры
|
| 610 |
1 |
|
|a микропроцессорные приборы
|
| 675 |
|
|
|a 543.07(075.8)
|v 4
|
| 675 |
|
|
|a 543.555(075.8)
|v 4
|
| 700 |
|
1 |
|a Латышенко
|b К. П.
|g Константин Павлович
|
| 701 |
|
1 |
|a Первухин
|b Б. С.
|g Борис Семенович
|
| 801 |
|
1 |
|a RU
|b 63413507
|c 20161102
|
| 801 |
|
2 |
|a RU
|b 63413507
|c 20190625
|g RCR
|
| 942 |
|
|
|c BK
|
| 959 |
|
|
|a 4/20170125
|d 1
|e 425,00
|f ЧЗТЛ:1
|